00685nam a2200205Ia 4500003000900000008004100009020002200050040001600072080001900088100002600107245005000133260004800183300001500231490002300246650002200269650002900291942000700320999001700327952013500344IN-BaIIA211028s9999 xx 000 0 eng d a978-0-691-15627-9 cIIA Library a523.4-126bKAS aKasting, James935951 0aHow to find a habitable planetcJames Kasting aPrincetonbPrinceton University Pressc2012 axiv, 332p. aScience essentials aExobiology920584 aHabitable planets931559 cBK c18792d18792 00104070aBANbBANcGENd2013-09-24eSBA g1434.00l0o523.4-126/ KASp19714r2021-11-05v1434.00w2013-09-24yBKGRs. 1434.00